00527nam a2200145Ia 4500008004000000082001700040100005000057245003700107260003400144300001200178690002200190906001100212999001700223952014100240210210b1966 xxu||||| |||| 00| 0 eng d a320.473 BAKG aBAKER (Benjamin) and FRIEDELBAUM (Stanley H). aGovernment in the united states. aNYbHoughton Mifflin Coc1966 axiv,561 aPolitical Thought a027671 c78951d78951 001040708Political ScienceaALbALcPolitical Scienced2021-02-17g0.00l0o320.473 BAKGp027671r2021-02-17 00:00:00w2021-02-17yBK